| 000 | 00539nam a2200205 a 4500 | ||
|---|---|---|---|
| 001 | 83601 | ||
| 003 | BD-RjUL | ||
| 005 | 20240428142858.0 | ||
| 008 | 240428s1949 enk 000 0 eng d | ||
| 035 | _a(BD-RjUL)83601 | ||
| 040 |
_aBGU _beng _cBD-RjUL |
||
| 041 | _aeng | ||
| 082 |
_223 _a823.91 _bSAN 1949 |
||
| 100 | 1 |
_aSansom, William, _d1912-1976 _912576 |
|
| 245 | 1 | 4 |
_aThe Body : _ba novel / _cby William Sansom |
| 260 |
_aLondon : _bHogarth Press, _c1949 |
||
| 300 |
_a232 p.; _c19 cm |
||
| 650 | _aEnglish fiction | ||
| 942 |
_2ddc _cBK |
||
| 999 |
_c83601 _d83601 |
||